000 00573nam a22001937a 4500
003 OSt
005 20160321144733.0
008 160318b xxu||||| |||| 00| 0 eng d
020 _a1615641680
040 _aKABU
_cKABU
050 _aMT85
_b.M47 2012
100 _aMiller, Michael
245 _aThe complete idiot's guide to conducting music
_cMichael Miller
260 _aNew York
_bPenguin Group (Alpha Books)
_c2012
300 _axiv, 226p.
650 _aconducting
650 _aConductors (Music)
942 _2lcc
_cBK
_hMT85
_i.M47 2012 C.1
999 _c15852
_d15852